000 00213 a2200097 4500
001 14096
100 _aJudd J.O
245 _aAdvanced exercise in English
260 _aLondon
_bLongmans
_c
090 _c11041
_d11041
942 _aNUST-CAE
_cM
_c1161
999 _c249169
_d249169